Pięciu największych partnerów importowych według państw - Statystyki

Ogólne statystyki
  • Ten quiz został rozwiązany 70 razy
  • Średni wynik to 16 z 20
Statystyki odpowiedzi
Państwo % Poprawnych
Chiny
97%
Australia
95%
Kanada
95%
Meksyk
94%
Indie
92%
Japonia
91%
Szwecja
91%
Arabia Saudyjska
89%
Niemcy
89%
Polska
89%
Korea Południowa
88%
Stany Zjednoczone
81%
Turcja
80%
Włochy
78%
Dania
77%
Republika Południowej Afryki
72%
Tajwan
72%
Holandia
67%
Zjednoczone Emiraty Arabskie
50%
Białoruś
45%
Nie znaleziono quizów pasujących do podanych kryteriów
Rozkład punktacji
Procent ludzi z każdym wynikiem
Percentyl według liczby udzielonych odpowiedzi
Twoja historia wyników
Nie rozwiązałeś tego quizu